Zanjīr-i k̲h̲vāb / (Record no. 330375)

000 -LEADER
fixed length control field 01143cam a22003017a 4500
001 - CONTROL NUMBER
control field 17076725
003 - CONTROL NUMBER IDENTIFIER
control field NUST
005 - DATE AND TIME OF LATEST TRANSACTION
control field 20170623095808.0
008 - FIXED-LENGTH DATA ELEMENTS--GENERAL INFORMATION
fixed length control field 111209s2011 pk 000 0 urd
010 ## - LIBRARY OF CONGRESS CONTROL NUMBER
LC control number 2011327799
025 ## - OVERSEAS ACQUISITION NUMBER
Overseas acquisition number P-U-2011327799; 10
037 ## - SOURCE OF ACQUISITION
Source of stock number/acquisition Library of Congress -- Islamabad Overseas Office
Terms of availability Rs 250
040 ## - CATALOGING SOURCE
Original cataloging agency DLC
Transcribing agency DLC
042 ## - AUTHENTICATION CODE
Authentication code lcode
050 00 - LIBRARY OF CONGRESS CALL NUMBER
Classification number MLCSA 2012/00493 (P)
066 ## - CHARACTER SETS PRESENT
Alternate G0 or G1 character set (3
-- (4
082 ## - DEWEY DECIMAL CLASSIFICATION NUMBER
Classification number 891.4391
Author Mark ASI
100 1# - MAIN ENTRY--PERSONAL NAME
Linkage 880-01
Personal name Asīr, Bashīr Zaidī.
9 (RLIN) 3126
245 10 - TITLE STATEMENT
Linkage 880-02
Title Zanjīr-i k̲h̲vāb /
Statement of responsibility, etc. Bashīr Zaidī Asīr.
260 ## - PUBLICATION, DISTRIBUTION, ETC.
Linkage 880-03
Place of publication, distribution, etc. Rāvalpinḍī :
Name of publisher, distributor, etc. Abū al-Qalam Ikaiḍamī,
Date of publication, distribution, etc. 2011
300 ## - PHYSICAL DESCRIPTION
Extent 228 p. ;
Dimensions 21 cm.
500 ## - GENERAL NOTE
General note Poems.
546 ## - LANGUAGE NOTE
Language note In Urdu.
650 ## - SUBJECT ADDED ENTRY--TOPICAL TERM
Topical term or geographic name entry element Urdu literature- Poems
9 (RLIN) 1989
880 1# - ALTERNATE GRAPHIC REPRESENTATION
Linkage 100-01/(3/r‏
Title ‏اسير، بشير زيدى.
880 10 - ALTERNATE GRAPHIC REPRESENTATION
Linkage 245-02/(3/r‏
Title ‏زنجير خواب /‏
c ‏بشير زيدى اسير.
880 ## - ALTERNATE GRAPHIC REPRESENTATION
Linkage 260-03/(3/r‏
Title ‏راولپنڈى :‏
b ‏ابو القلم اکيڈمى،‏
c 2011
906 ## - LOCAL DATA ELEMENT F, LDF (RLIN)
a 7
b cbc
c origode
d 4
e ncip
f 20
g y-nonroman
942 ## - ADDED ENTRY ELEMENTS (KOHA)
Source of classification or shelving scheme
Koha item type Book
Holdings
Withdrawn status Lost status Source of classification or shelving scheme Damaged status Not for loan Collection code Permanent Location Current Location Shelving location Date acquired Total Checkouts Full call number Barcode Date last seen Price effective from Koha item type
            Central Library (CL) Central Library (CL) Fiction 06/23/2017   891.4391 ASI CL2054 06/23/2017 06/23/2017 Book
            Central Library (CL) Central Library (CL) Fiction 06/23/2017   891.4391 ASI CL2056 06/23/2017 06/23/2017 Book
© 2023 Central Library, National University of Sciences and Technology. All Rights Reserved.